LEADER 00631nam0-22002411i-450- 001 990001154550403321 035 $a000115455 035 $aFED01000115455 035 $a(Aleph)000115455FED01 035 $a000115455 100 $a20000920d1964----km-y0itay50------ba 101 0 $aeng 200 1 $aSelected Papers$fby Wiener 210 $aCambridge$cThe MIT Press$d1964 700 1$aWiener,$bNorbert$f<1894-1964>$02095 801 0$aIT$bUNINA$gRICA$2UNIMARC 901 $aBK 912 $a990001154550403321 952 $a113-G-16-OP$b8920$fMA1 959 $aMA1 996 $aSelected Papers$9346347 997 $aUNINA DB $aING01 LEADER 02077nam0 2200409 i 450 001 UMC0651823 005 20251003044431.0 010 $a8854805084 020 $aIT$b2007-1548 100 $a20090922d2006 ||||0itac50 ba 101 | $aita 102 $ait 181 1$6z01$ai $bxxxe 182 1$6z01$an 200 1 $aRaccolta coordinata dei principi contabili internazionali IAS/IFRS e relative interpretazioni SIC/IFRIC$fGiuseppe Ceriani, Beatrice Frazza 210 $aRoma$cAracne$d2006 215 $a1 v. (paginazione varia)$d29 cm 300 $aIn appendice: Regolamento n. 1606/2002 art. 1 e 25 della Legge 306/2003, D. lgs. 38/2005, provvedimento Banca d'Italia, provvedimento ISVAP, documento di consultazione CONSOB. 606 $aBilanci$xRegolamenti comunitari$2FIR$3CFIC170353$9E 676 $a657$9CONTABILITA$v14 696 $aRegolamenti della Comunità europea$aRegolamenti della CEE$aBilanci d'esercizio$aBilancio$aBilancio consuntivo$aBilanci di esercizio 699 $aRegolamenti comunitari$yRegolamenti della Comunità europea 699 $aRegolamenti comunitari$zRegolamenti della CEE 699 $aBilanci$yBilanci d'esercizio 699 $aBilanci$zBilancio 699 $aBilanci$yBilancio consuntivo 699 $aBilanci$yBilanci di esercizio 700 1$aCeriani$b, Giuseppe$3CFIV041938$4070$0113024 701 1$aFrazza$b, Beatrice$3UMCV299945$4070$0596595 801 3$aIT$bIT-000000$c20090922 850 $aIT-BN0095 901 $bNAP 01$cPOZZO LIB.$nVi sono collocati fondi di economia, periodici di ingegneria e scienze, periodici di economia e statistica e altri fondi comprendenti documenti di economia pervenuti in dono. 912 $aUMC0651823 950 0$aBiblioteca Centralizzata di Ateneo$b1 v.$c1 v.$d 01POZZO LIB.ECON MON 1990$e 0101 0000193245E VMA 1 v. (Precedente collocazione: DASES D 13)$fB $h20090922$i20090922 977 $a 01 996 $aRaccolta coordinata dei principi contabili internazionali IAS$9988956 997 $aUNISANNIO